<?xml version="1.0" encoding="UTF-8"?>
<record
    xmlns:xsi="http://www.w3.org/2001/XMLSchema-instance"
    xsi:schemaLocation="http://www.loc.gov/MARC21/slim http://www.loc.gov/standards/marcxml/schema/MARC21slim.xsd"
    xmlns="http://www.loc.gov/MARC21/slim">

  <leader>02337nam a22003017a 4500</leader>
  <controlfield tag="001">1692</controlfield>
  <controlfield tag="003">FISKH</controlfield>
  <controlfield tag="005">20230915113952.0</controlfield>
  <controlfield tag="008">230915b        cb ||||| |||| 00| 0 khr d</controlfield>
  <datafield tag="020" ind1=" " ind2=" ">
    <subfield code="a">9789924340539</subfield>
  </datafield>
  <datafield tag="040" ind1=" " ind2=" ">
    <subfield code="a">FISKH </subfield>
    <subfield code="b">eng</subfield>
    <subfield code="c">FISKH </subfield>
    <subfield code="d">FISKH </subfield>
  </datafield>
  <datafield tag="082" ind1=" " ind2=" ">
    <subfield code="a">915.9 </subfield>
  </datafield>
  <datafield tag="100" ind1=" " ind2=" ">
    <subfield code="a">Mahbubani, Kishore </subfield>
  </datafield>
  <datafield tag="245" ind1=" " ind2=" ">
    <subfield code="a">&#x17A2;&#x17B6;&#x179F;&#x17CA;&#x17B6;&#x1793;&#x17A2;&#x1785;&#x17D2;&#x1786;&#x179A;&#x17B7;&#x1799; / </subfield>
    <subfield code="b">&#x1780;&#x17B6;&#x178F;&#x17B6;&#x179B;&#x17B8;&#x1780;&#x179A;&#x178A;&#x17BE;&#x1798;&#x17D2;&#x1794;&#x17B8;&#x179F;&#x1793;&#x17D2;&#x178A;&#x17B7;&#x1797;&#x17B6;&#x1796; : </subfield>
    <subfield code="c">Kishore Mahbubani &#x1793;&#x17B7;&#x1784; Jeffery Sng </subfield>
  </datafield>
  <datafield tag="250" ind1=" " ind2=" ">
    <subfield code="a">&#x1794;&#x17C4;&#x17C7;&#x1796;&#x17BB;&#x1798;&#x17D2;&#x1796;&#x179B;&#x17BE;&#x1780;&#x1791;&#x17B8; &#x17E2; &#x1781;&#x17C2;&#x1798;&#x1780;&#x179A;&#x17B6; &#x1786;&#x17D2;&#x1793;&#x17B6;&#x17C6; &#x17E2;&#x17E0;&#x17E2;&#x17E1;</subfield>
  </datafield>
  <datafield tag="260" ind1=" " ind2=" ">
    <subfield code="a">Phnom Penh : </subfield>
    <subfield code="b">Sipar, </subfield>
    <subfield code="c">2017.</subfield>
  </datafield>
  <datafield tag="300" ind1=" " ind2=" ">
    <subfield code="a">281 pages : </subfield>
    <subfield code="b">color illustrations ; </subfield>
    <subfield code="c">23 cm</subfield>
  </datafield>
  <datafield tag="500" ind1=" " ind2=" ">
    <subfield code="a">footnotes and bibliography are in English</subfield>
  </datafield>
  <datafield tag="505" ind1=" " ind2=" ">
    <subfield code="a">Z'
</subfield>
  </datafield>
  <datafield tag="520" ind1=" " ind2=" ">
    <subfield code="a">&#x1793;&#x17C5;&#x1780;&#x17D2;&#x1793;&#x17BB;&#x1784;&#x1799;&#x17BB;&#x1782;&#x179F;&#x1798;&#x17D0;&#x1799;&#x1793;&#x17C3;&#x1780;&#x17B6;&#x179A;&#x1780;&#x17BE;&#x1793;&#x17A1;&#x17BE;&#x1784;&#x1781;&#x17B6;&#x1784;&#x1791;&#x17B7;&#x178A;&#x17D2;&#x178B;&#x17B7;&#x1793;&#x17B7;&#x1799;&#x1798; &#x179C;&#x1794;&#x17D2;&#x1794;&#x1792;&#x1798;&#x17CD; &#x1794;&#x17BB;&#x1782;&#x17D2;&#x1782;&#x179B;&#x178A;&#x17C2;&#x179B;&#x1798;&#x17B6;&#x1793;&#x1780;&#x17B6;&#x179A;&#x1782;&#x17B7;&#x178F;&#x1782;&#x17BC;&#x179A; &#x179C;&#x17C2;&#x1784;&#x1786;&#x17D2;&#x1784;&#x17B6;&#x1799;&#x1787;&#x17B6;&#x1785;&#x17D2;&#x179A;&#x17BE;&#x1793;&#x1793;&#x17B6;&#x1780;&#x17CB; &#x1787;&#x17BF;&#x1790;&#x17B6;&#x17A2;&#x179A;&#x17D2;&#x1799;&#x1792;&#x1798;&#x17CD;&#x1795;&#x17D2;&#x179F;&#x17C1;&#x1784;&#x1782;&#x17D2;&#x1793;&#x17B6; &#x1787;&#x17B6;&#x1796;&#x17B7;&#x179F;&#x17C1;&#x179F;&#x17A5;&#x179F;&#x17D2;&#x179B;&#x17B6;&#x1798; &#x1793;&#x17B7;&#x1784;&#x1794;&#x179F;&#x17D2;&#x1785;&#x17B9;&#x1798;&#x179B;&#x17C4;&#x1780;&#x1798;&#x17B7;&#x1793;&#x17A2;&#x17B6;&#x1785;&#x179A;&#x179F;&#x17CB;&#x1793;&#x17C5;&#x1787;&#x17B6;&#x1798;&#x17BD;&#x1799;&#x1782;&#x17D2;&#x1793;&#x17B6;&#x1780;&#x17D2;&#x1793;&#x17BB;&#x1784;&#x179F;&#x1793;&#x17D2;&#x178A;&#x17B7;&#x1797;&#x17B6;&#x1796;&#x1794;&#x17B6;&#x1793;&#x1791;&#x17C1;&#x17D4; &#x1794;&#x17D2;&#x179A;&#x1791;&#x17C1;&#x179F;&#x1791;&#x17B6;&#x17C6;&#x1784; &#x17E1;&#x17E0; &#x1793;&#x17C3;&#x17A2;&#x17B6;&#x179F;&#x17CA;&#x17B6;&#x1793;&#x1795;&#x17D2;&#x178A;&#x179B;&#x17CB;&#x17A7;&#x1791;&#x17B6;&#x17A0;&#x179A;&#x178E;&#x17CD;&#x1793;&#x17C3;&#x179F;&#x17A0;&#x179C;&#x178F;&#x17D2;&#x178F;&#x1798;&#x17B6;&#x1793;&#x17A2;&#x17B6;&#x179A;&#x17D2;&#x1799;&#x1792;&#x1798;&#x17CD;&#x17D4; &#x1793;&#x17C5;&#x1791;&#x17B8;&#x1793;&#x17C1;&#x17C7; &#x1798;&#x1793;&#x17BB;&#x179F;&#x17D2;&#x179F;&#x17E6;&#x17E2;&#x17E5;&#x179B;&#x17B6;&#x1793;&#x1793;&#x17B6;&#x1780;&#x17CB;&#x179A;&#x179F;&#x17CB;&#x1793;&#x17C5;&#x1787;&#x1798;&#x17BD;&#x1799;&#x1782;&#x17D2;&#x1793;&#x17B6;&#x1780;&#x17D2;&#x1793;&#x17BB;&#x1784;&#x179F;&#x1793;&#x17D2;&#x178A;&#x17B7;&#x1797;&#x17B6;&#x1796;&#x17D4; &#x17A2;&#x1785;&#x17D2;&#x1786;&#x179A;&#x17B7;&#x1799;&#x1793;&#x17C1;&#x17C7;&#x1780;&#x17BE;&#x178F;&#x17A1;&#x17BE;&#x1784;&#x1794;&#x17B6;&#x1793;&#x178A;&#x17C4;&#x1799;&#x179F;&#x17B6;&#x179A; &#x17A2;&#x17B6;&#x179F;&#x17CA;&#x17B6;&#x1793;&#x17D4; </subfield>
  </datafield>
  <datafield tag="520" ind1=" " ind2=" ">
    <subfield code="a">In an age of growing cultural pessimism, many far-sighted individuals believe that different civilizations, especially Islam and the West, cannot coexist in peace. </subfield>
  </datafield>
  <datafield tag="521" ind1="8" ind2=" ">
    <subfield code="a">920
</subfield>
    <subfield code="b">Lexile estimate
</subfield>
  </datafield>
  <datafield tag="521" ind1="8" ind2=" ">
    <subfield code="a">Z'
</subfield>
    <subfield code="b">Raz-Plus
</subfield>
  </datafield>
  <datafield tag="650" ind1=" " ind2=" ">
    <subfield code="a">&#x1780;&#x17B6;&#x179A;&#x1782;&#x17D2;&#x179A;&#x1794;&#x17CB;&#x1782;&#x17D2;&#x179A;&#x1784;&#x1787;&#x1798;&#x17D2;&#x179B;&#x17C4;&#x17C7; </subfield>
    <subfield code="v">&#x17A2;&#x17B6;&#x179F;&#x17CA;&#x17B8;&#x17A2;&#x17B6;&#x1782;&#x17D2;&#x1793;&#x17C1;&#x1799;&#x17CF;</subfield>
    <subfield code="x"> &#x1791;&#x17C6;&#x1793;&#x17B6;&#x1780;&#x17CB;&#x1791;&#x17C6;&#x1793;&#x1784;&#x1787;&#x17B6;&#x178F;&#x17B7;&#x179F;&#x17B6;&#x179F;&#x1793;&#x17CD;</subfield>
    <subfield code="y">&#x1791;&#x17B7;&#x178A;&#x17D2;&#x178B;&#x1797;&#x17B6;&#x1796;&#x1793;&#x1799;&#x17C4;&#x1794;&#x17B6;&#x1799;</subfield>
  </datafield>
  <datafield tag="650" ind1=" " ind2=" ">
    <subfield code="a">Conflict management</subfield>
    <subfield code="v">Southeast Asia </subfield>
    <subfield code="x">Ethnic relations</subfield>
    <subfield code="y">Political aspects</subfield>
  </datafield>
  <datafield tag="700" ind1=" " ind2=" ">
    <subfield code="a">Sng, Jeffery </subfield>
    <subfield code="e">Author </subfield>
  </datafield>
  <datafield tag="942" ind1=" " ind2=" ">
    <subfield code="2">ddc</subfield>
    <subfield code="c">KHB</subfield>
    <subfield code="n">0</subfield>
  </datafield>
  <datafield tag="999" ind1=" " ind2=" ">
    <subfield code="c">1692</subfield>
    <subfield code="d">1692</subfield>
  </datafield>
  <datafield tag="952" ind1=" " ind2=" ">
    <subfield code="0">0</subfield>
    <subfield code="1">0</subfield>
    <subfield code="2">ddc</subfield>
    <subfield code="4">0</subfield>
    <subfield code="7">0</subfield>
    <subfield code="8">KH</subfield>
    <subfield code="a">002</subfield>
    <subfield code="b">002</subfield>
    <subfield code="c">SKB</subfield>
    <subfield code="d">2023-09-15</subfield>
    <subfield code="l">0</subfield>
    <subfield code="o">MAH 915.9</subfield>
    <subfield code="p">2023-0619</subfield>
    <subfield code="r">2023-09-15 10:57:23</subfield>
    <subfield code="t">1</subfield>
    <subfield code="w">2023-09-15</subfield>
    <subfield code="y">KHB</subfield>
  </datafield>
  <datafield tag="952" ind1=" " ind2=" ">
    <subfield code="0">0</subfield>
    <subfield code="1">0</subfield>
    <subfield code="2">ddc</subfield>
    <subfield code="4">0</subfield>
    <subfield code="7">0</subfield>
    <subfield code="8">KH</subfield>
    <subfield code="a">001</subfield>
    <subfield code="b">001</subfield>
    <subfield code="c">KHRS</subfield>
    <subfield code="d">2023-09-15</subfield>
    <subfield code="l">0</subfield>
    <subfield code="o">MAH 915.9</subfield>
    <subfield code="p">2023-0620</subfield>
    <subfield code="r">2023-09-15 10:57:36</subfield>
    <subfield code="t">2</subfield>
    <subfield code="w">2023-09-15</subfield>
    <subfield code="y">KHB</subfield>
  </datafield>
</record>
